[Event "Paracin op-A 18th"]
[Site "Paracin"]
[Date "2025.07.09"]
[Round "6"]
[White "Melnikov, Evgeny"]
[Black "Skuhala, Barbara"]
[Result "0-1"]
[WhiteElo "1818"]
[BlackElo "2114"]
[PlyCount "96"]
[EventDate "2025.07.04"]
[EventType "swiss"]
[EventRounds "9"]
[EventCountry "SRB"]
[SourceTitle "CB29_2025"]
[SourceDate "2025.07.16"]
[SourceVersion "1"]
[SourceVersionDate "2025.07.16"]
[SourceQuality "1"]

1. e4 c5 2. Nc3 d6 3. f4 g6 4. Nf3 Bg7 5. Bb5+ Bd7 6. Bc4 Nc6 7. d3 e6 8. f5 exf5 9. 0-0 Ne5 10. exf5 Bxf5 11. Nxe5 Bxe5 12. Rxf5 gxf5 13. Qh5 Qf6 14. Nd5 Qg6 15. Qxg6 fxg6 16. Nc7+ Kd7 17. Nxa8 Ne7 18. Bg5 Rxa8 19. Bxe7 Kxe7 20. Bd5 Rb8 21. Re1 Kf6 22. h3 Re8 23. Kf1 Re7 24. a4 b6 25. b3 f4 26. Re4 h5 27. Re2 Kg5 28. Be4 Bd4 29. Bd5 Be3 30. Be4 Bd4 31. Bd5 Be5 32. Be4 Re6 33. Kf2 Kh4 34. Bb7 g5 35. Bc8 Re8 36. Bd7 Re7 37. Bc8 Bd4+ 38. Ke1 Be3 39. Bf5 g4 40. hxg4 hxg4 41. Be4 Kg3 42. Kf1 Re5 43. Re1 d5 44. Bg6 f3 45. gxf3 gxf3 46. c4 d4 47. Rd1 Rg5 48. Be4 Kf4 0-1

[Event "Paracin Prestige op"]
[Site "Paracin"]
[Date "2025.01.18"]
[Round "8"]
[White "Melnikov, Evgeny"]
[Black "Zol Uchral, Erdenesaikhan"]
[Result "1-0"]
[WhiteElo "1879"]
[BlackElo "1773"]
[PlyCount "91"]
[EventDate "2025.01.11"]
[EventType "swiss"]
[EventRounds "9"]
[EventCountry "SRB"]
[SourceTitle "CB05_2025"]
[SourceDate "2025.01.29"]
[SourceVersion "1"]
[SourceVersionDate "2025.01.29"]
[SourceQuality "1"]

1. e4 c5 2. Nc3 d6 3. f4 Nc6 4. Nf3 g6 5. Bb5 Bg7 6. Bxc6+ bxc6 7. d3 Nf6 8. 0-0 0-0 9. Qe1 e6 10. b3 Ne8 11. Bb2 Nc7 12. Na4 Bxb2 13. Nxb2 Qf6 14. e5 Qxf4 15. g3 Qg4 16. Na4 dxe5 17. Qxe5 Nd5 18. Nxc5 h5 19. c4 f6 20. Qd6 Ne3 21. Rf2 Nf5 22. Qxc6 Rb8 23. Qe4 Qh3 24. Nd4 e5 25. Nc6 Rb6 26. Nxa7 Rd6 27. Nb5 Rdd8 28. a4 Kg7 29. a5 h4 30. g4 Nd4 31. Nxd4 Rxd4 32. Qf3 Rxg4+ 33. Kh1 Rg3 34. Qe2 Bg4 35. Qf1 Rg1+ 36. Qxg1 Rc8 37. Qg2 Qe3 38. b4 h3 39. Qg3 Qd4 40. Raf1 Rc6 41. a6 f5 42. a7 Qd8 43. Qxe5+ Kh7 44. Qd5 Qg5 45. Qxc6 Bf3+ 46. Qxf3 1-0

[Event "Paracin Prestige op"]
[Site "Paracin"]
[Date "2025.01.15"]
[Round "5"]
[White "Grozdanovic, Anastasia"]
[Black "Melnikov, Evgeny"]
[Result "1/2-1/2"]
[WhiteElo "2091"]
[BlackElo "1879"]
[PlyCount "70"]
[EventDate "2025.01.11"]
[EventType "swiss"]
[EventRounds "9"]
[EventCountry "SRB"]
[SourceTitle "CB05_2025"]
[SourceDate "2025.01.29"]
[SourceVersion "1"]
[SourceVersionDate "2025.01.29"]
[SourceQuality "1"]

1. d4 d5 2. c4 e6 3. Nc3 Nf6 4. Bg5 Be7 5. cxd5 exd5 6. e3 h6 7. Bh4 0-0 8. Bd3 c6 9. Nge2 Ne8 10. Bg3 Nd6 11. Qc2 Nd7 12. 0-0 Nf6 13. f3 Nc4 14. Bf2 b5 15. h3 a5 16. e4 b4 17. Na4 Ba6 18. e5 Nd7 19. f4 Bb5 20. b3 Na3 21. Qd2 Nb6 22. Nb2 f5 23. Rac1 Qd7 24. Qe1 Qe6 25. Bh4 g5 26. fxg5 hxg5 27. Bxg5 Bxg5 28. Qg3 Qh6 29. Bxb5 Nxb5 30. Rxc6 Qxc6 31. Qxg5+ Kf7 32. Rxf5+ Ke8 33. Qh5+ Ke7 34. Qh7+ Ke8 35. Qh5+ Kd7 1/2-1/2

[Event "Wch Amateurs U2300"]
[Site "Rhodes"]
[Date "2024.11.04"]
[Round "9"]
[White "Melnikov, Evgeny"]
[Black "Grapsa, Georgia"]
[Result "0-1"]
[WhiteElo "1841"]
[BlackElo "2046"]
[PlyCount "88"]
[EventDate "2024.10.27"]
[EventType "swiss"]
[EventRounds "9"]
[EventCountry "GRE"]
[SourceTitle "CB45_2024"]
[Source "ChessBase"]
[SourceDate "2024.11.06"]
[SourceVersion "1"]
[SourceVersionDate "2024.11.06"]
[SourceQuality "1"]

1. e4 c5 2. Nc3 e6 3. f4 Nc6 4. Nf3 a6 5. d3 b5 6. g3 g6 7. Bg2 Bg7 8. 0-0 b4 9. Ne2 Nge7 10. f5 exf5 11. exf5 Nxf5 12. g4 Nh4 13. Nxh4 Qxh4 14. Ng3 Bd4+ 15. Kh1 0-0 16. Bf4 d5 17. Bxd5 Bxg4 18. Qd2 Bd7 19. Bg5 Qg4 20. Ne4 Rae8 21. Bf6 Rxe4 22. dxe4 Bxf6 23. Rxf6 Ne5 24. Raf1 Qh4 25. Qf4 Qxf4 26. R1xf4 a5 27. Ra6 a4 28. Ra7 Rd8 29. Rc7 c4 30. Bxc4 Nxc4 31. Rxc4 b3 32. axb3 axb3 33. cxb3 Be6 34. Rf2 Rd1+ 35. Kg2 Bxc4 36. bxc4 Rc1 37. b3 Rc3 38. Rb2 Kf8 39. Kf2 Ke7 40. Ke2 Rh3 41. Kd2 Rxh2+ 42. Kc3 Rxb2 43. Kxb2 h5 44. Kc3 h4 0-1

[Event "Pula op 36th"]
[Site "Pula"]
[Date "2024.06.16"]
[Round "1"]
[White "Perhinig, Robert"]
[Black "Melnikov, Evgeny"]
[Result "1-0"]
[WhiteElo "2227"]
[BlackElo "1869"]
[PlyCount "111"]
[EventDate "2024.06.16"]
[EventType "swiss"]
[EventRounds "9"]
[EventCountry "CRO"]
[SourceTitle "CBM 220 Extra"]
[Source "ChessBase"]
[SourceDate "2024.07.31"]
[SourceVersion "1"]
[SourceVersionDate "2024.07.31"]
[SourceQuality "1"]

1. d4 d5 2. Bf4 Nf6 3. e3 e6 4. Nf3 Bd6 5. Bg3 0-0 6. c4 c5 7. Nc3 Nc6 8. cxd5 exd5 9. Be2 a6 10. Bxd6 Qxd6 11. dxc5 Qxc5 12. 0-0 Rd8 13. Nd4 Nxd4 14. Qxd4 Qxd4 15. exd4 Bd7 16. Bf3 Bc6 17. Rfe1 Re8 18. h4 Kf8 19. Re3 Re7 20. g4 Rd8 21. Rae1 Rxe3 22. fxe3 Ne8 23. Ne2 Nc7 24. Nf4 Ne6 25. Nd3 f6 26. Kf2 Ke7 27. Rc1 Kd6 28. b3 Rd7 29. Nf4 Nxf4 30. exf4 Rc7 31. g5 Rf7 32. g6 hxg6 33. Rg1 Bb5 34. Rxg6 Bd3 35. Rg1 Be4 36. Rc1 Re7 37. Rc8 Ke6 38. Bg4+ Kf7 39. f5 Rd7 40. Ke3 Ke7 41. Kf4 Rd8 42. Rc7+ Rd7 43. Rc5 Rd8 44. Rc3 Kd7 45. Be2 Re8 46. Rg3 Re7 47. Re3 Kd6 48. Bf3 Bxf3 49. Rxe7 Kxe7 50. Kxf3 a5 51. Kg4 b5 52. Kh5 Kf7 53. a3 b4 54. a4 Kg8 55. Kg6 Kf8 56. h5 1-0